Language Quiz

Random Language or Country Quiz

Which Language? VI Quiz Stats

Quiz Updated Sep 16, 2017

Also try: Which Language? V
Challenge
Share
Tweet
Embed
Score 0/15 Timer 03:00
1 Play Today
Question Answer Wrong Answers
Spain Spanish
98.8%
Mexican
0.2%
Italian
0.2%
Latin
0.3%
Finland Finnish
95.4%
Swedish
2.1%
Russian
0.7%
Scandanavian
1.7%
Romania Romanian
94.8%
Spanish
0.2%
Russian
3.1%
German
0.9%
Ukraine Ukrainian
92.8%
Russian
21.1%
English
10.8%
Turkish
8.4%
Liechtenstein German
92.7%
Italian
20.9%
French
11%
Dutch
8.5%
China Mandarin
90.7%
Hindi
0.4%
Russian
0.2%
Cantonese
8.6%
New Zealand English
90.1%
Maori
7.5%
French
1.3%
Mandarin
0.3%
Nicaragua Spanish
82.6%
Portuguese
9.5%
French
4.2%
Aztec
2.3%
Bosnia and Herzegovina Bosnian
62.2%
Herzegovinan
5.7%
Serbian
28.7%
Greek
1.5%
Montenegro Serbian
58.2%
Albanian
18.7%
Greek
9.3%
Italian
11.8%
Palau Palauan
48.8%
English
25.8%
Filipino
21.4%
Mandarin
2.8%
Kosovo Albanian
24.2%
Serbian
31.7%
Kosov
32.8%
Bosnian
9.1%
Kazakhstan Russian
23.7%
Kazakh
67.7%
Kyrgyz
5.6%
Mandarin
0.5%
Ghana Asante
22.7%
Fante
6.4%
Swahili
24.7%
French
43.3%
Bhutan Sharchhopka
10.3%
Bhutanese
60.5%
Hindi
22.7%
English
3.7%

You're not logged in!

Compare scores with friends on all Sporcle quizzes.
Join for Free
OR
Log In

You Might Also Like...

Show Comments

Extras

Top Quizzes Today


Score Distribution

Your Account Isn't Verified!

In order to create a playlist on Sporcle, you need to verify the email address you used during registration. Go to your Sporcle Settings to finish the process.

Report this User

Report this user for behavior that violates our Community Guidelines.

Details: